| 000 | 00604nam a2200169 a 4500 | ||
|---|---|---|---|
| 008 | 120416s1995 ||||||||||||||||| || u | ||
| 020 | _a0521483581 | ||
| 050 | _aQE 506 Age | ||
| 100 | _aAger, Derek | ||
| 245 | 1 | 4 | _aThe New catastrophism |
| 246 | _athe importance of the rare event in geological history | ||
| 260 |
_aCambridge _bCUP _c1995 |
||
| 300 | _axx, 231p. : ill. | ||
| 350 | _a0.00 | ||
| 650 | _aCATASTROPHES (GEOLOGY) | ||
| 995 |
_D0.00 _FCBU-MAIN LIBRARY (Kitwe) _H1 _I22.95 _M1 _UAVAILABLE _WMar 15, 2007 _ZAnnex Low-Usage Collection |
||
| 999 |
_c52097 _d52097 |
||